00521nam a2200145 a 450000100100000000500170001000800410002702000180006804000250008610000340011124500880014526000440023330000280027750000700030500003911720201002031513.0130523s2012 dr a 000 0 spa d a9789945165302 aDO-SdBNPbspacBNPHU1 aFernández Fortuna, Héctor10aFrente al espejo :bel reflejo de tu propia vida! /cHéctor Fernández Fortuna,. aSanto Domingo :bEditora Búho,c2012. a170 p. :bil. ;c22 cm. aIncluye datos biográficos del autor en la solapa de la cubierta